| Tag |
First Indicator |
Second Indicator |
Subfields |
| LEADER |
00000cam a2200000 i 4500 |
| 001 |
in00003481021 |
| 005 |
20210312123400.0 |
| 006 |
m o d f |
| 007 |
cr c|||||||||| |
| 008 |
140207s2013 vaua obt f000 0 eng c |
| 035 |
|
|
|a (OCoLC)ocn870178946
|
| 042 |
|
|
|a pcc
|
| 040 |
|
|
|a GPO
|b eng
|e rda
|e pn
|c GPO
|d MvI
|
| 049 |
|
|
|a WWW
|
| 074 |
|
|
|a 0830-H-15 (online)
|
| 086 |
0 |
|
|a NAS 1.60:2013-217994
|
| 100 |
1 |
|
|a Johnson, Sally C.,
|e author.
|
| 245 |
1 |
0 |
|a Simplified aircraft-based paired approach :
|b concept definition and initial analysis /
|c Sally C. Johnson [and five others].
|
| 264 |
|
1 |
|a Hampton, Virginia :
|b National Aeronautics and Space Administration, Langley Research Center,
|c 2013.
|
| 300 |
|
|
|a 1 online resource (vii, 74 pages) :
|b color illustrations.
|
| 336 |
|
|
|a text
|b txt
|2 rdacontent
|
| 337 |
|
|
|a computer
|b c
|2 rdamedia
|
| 338 |
|
|
|a online resource
|b cr
|2 rdacarrier
|
| 490 |
1 |
|
|a NASA/TP ;
|v 2013-217994
|
| 500 |
|
|
|a Title from title screen (viewed on Feb. 7, 2014).
|
| 500 |
|
|
|a "May 2013."
|
| 504 |
|
|
|a Includes bibliographical references.
|
| 536 |
|
|
|a Sponsored by the National Aeronautics and Space Administration
|b NNX11AQ29A
|h WBS 031102.02.07.10.93D7.10
|
| 536 |
|
|
|d L-19901
|d NF1676L-10952
|
| 650 |
|
7 |
|a Air navigation.
|2 nasat
|
| 650 |
|
7 |
|a Aircraft approach spacing.
|2 nasat
|
| 650 |
|
7 |
|a Airfield surface movements.
|2 nasat
|
| 650 |
|
7 |
|a Ground effect (aerodynamics)
|2 nasat
|
| 650 |
|
7 |
|a Monte Carlo method.
|2 nasat
|
| 650 |
|
7 |
|a Vortex alleviation.
|2 nasat
|
| 710 |
2 |
|
|a Langley Research Center,
|e issuing body.
|
| 710 |
1 |
|
|a United States.
|b National Aeronautics and Space Administration,
|e sponsoring body.
|
| 830 |
|
0 |
|a NASA technical paper ;
|v 217994.
|
| 856 |
4 |
0 |
|u https://purl.fdlp.gov/GPO/gpo45784
|t 0
|
| 856 |
4 |
0 |
|u http://purl.fdlp.gov/GPO/gpo45784
|t 0
|
| 999 |
f |
f |
|s 5c19e95d-3b2c-3326-bbb4-89d4773bbaca
|i ff67bd1d-be93-316f-829f-c983745a61d0
|t 0
|
| 952 |
f |
f |
|a Texas A&M University
|b College Station
|c Electronic Resources
|d Available Online
|t 0
|e NAS 1.60:2013-217994
|h Superintendent of Documents classification
|
| 998 |
f |
f |
|a NAS 1.60:2013-217994
|t 0
|l Available Online
|